1562 1936 1412 1376 1104 1665 1241 1727 1284 1809 1559 1541 1120 1468 1556 1307 1719 1806 1080 1346 1095 1073 1192 1899 1152 1863 1608 1808 1409 1758 1223 1083 1307 1073 1071 1574 1431 1504 1447 1100 1110 1310 1366 1446 1392 1740 1269 1559 1713 1965 1051 1951 1185 1105 1857 1231 1169 1685 1658 1310 1336 1666 1874 1181 1857 1371 1685 1390 1776 1502 1702 1600 1274 1405 1416 1982 1767 1357 1873 1227 1686 1636 1921 1240 1522 1329 1476 1093 1213 1681 1214 1382 1310 1622 1278 1912 1448 1334 1574 BCNSPRNW ULIB Ver.6.0+V

เปลี่ยนเป็นภาษาไทย

Change to English
 แสดงรายละเอียดบรรณานุกรม
  กลับหน้าหลัก

Brief Record : Get Marc (ISO 2709) : E-mail record : QR code < ปิดหน้าต่าง
LEADER : 00000nam 2200000uu 4500
001    13399109750
003     ULIB
008    110410s2553||||th 000 0 tha d
020    9789744013514
060 04 WC100^bร924U 2553
245 00 Update on pediatric infectious diseases^n2010 /^cบรรณาธิการ, อังกูร เกิดพานิช, วีระชัย วัฒนาวีรเดช, ทวี โชติพิทยสุนนท์
246 30 Pediatric infectious diseases 2010
250    พิมพ์ครั้งที่ 1
260    กรุงเทพฯ :^bสมาคมโรคติดเชื้อในเด็กแห่งประเทศไทย,^c2553
300    xi, 268 หน้า :^bภาพประกอบ ;^c28 ซม.
650  7 กุมารเวชศาสตร์
650  7 เด็ก^xโรค^xการรักษา
650  7 โรคติดต่อ^xในวัยทารกและวัยเด็ก
650  7 โรคติดต่อ, การควบคุม
700 0  อังกูร เกิดพานิช,^eบรรณาธิการ
700 0  วีระชัย วัฒนาวีรเดช,^eบรรณาธิการ
700 0  ทวี โชติพิทยสุนนท์,^eบรรณาธิการ
710 2  สมาคมโรคติดเชื้อในเด็กแห่งประเทศไทย
945    ^p400^l0^i028233
945    ^p400^l0^i028231
945    ^p400^l0^i028232
995    ทศพร
999 ^a ใช้งานได้ทุกระบบ
รายการนี้ยังไม่มีแท็ก
คุณยังไม่ได้ล็อกอิน คุณสามารถมีกิจกรรมร่วมกับเว็บไซต์ได้ แต่ต้องล็อกอินก่อน ::
  ล็อกอิน

รายการสื่อสารสนเทศ

ลำดับที่ ประเภท เลขเรียก/บาร์โค้ด สถานที่ สถานะ
1. วิทยาศาสตร์การแพทย์ และสุขภาพ
หนังสือสำรอง
สถานะ=หนังสือสำรอง
WC100 ร924U 2553 ฉ.1 
  Barcode: 028231
ห้องสมุดวิทยาเขตสวรรค์ประชารักษ์
►ส่วนจัดเก็บหนังสือเก่า สปร
บนชั้น
  ขอยืม
2. วิทยาศาสตร์การแพทย์ และสุขภาพ
วิทยาศาสตร์การแพทย์ และสุขภาพ
WC100 ร924U 2553 ฉ.2 
  Barcode: 028232
ห้องสมุดวิทยาเขตสวรรค์ประชารักษ์
►ส่วนจัดเก็บหนังสือเก่า สปร
บนชั้น
  ขอยืม
3. วิทยาศาสตร์การแพทย์ และสุขภาพ
วิทยาศาสตร์การแพทย์ และสุขภาพ
WC100 ร924U 2553 ฉ.3 
  Barcode: 028233
ห้องสมุดวิทยาเขตสวรรค์ประชารักษ์
►ส่วนจัดเก็บหนังสือเก่า สปร
บนชั้น
  ขอยืม

รายการใกล้เคียง
    หัวเรื่อง [กุมารเวชศาสตร์]
    หัวเรื่อง [โรคติดต่อ, การควบคุม]

BibComment


ยังไม่เคยถูกคอมเมนท์

คอมเมนท์ทรัพยากรรายการนี้
  คอมเมนท์: Update on pediatr..


 Copyright 2026. Bcnsprnw @Library